000 00675nam a2200181 a 4500
001 000046390
005 20201002052833.0
008 150806s1986 dr a 000 0 spa d
040 _aDO-SdBNP
_bspa
_cBNPHU
100 1 _aBello Díaz, Rafael Emilio
_d1955-
_974417
245 1 0 _aTécnica electrocardiográfica. /
_cRafael Emilio Bello Díaz.
260 _aSanto Domingo :
_bUCDEP,
_c1986.
300 _a165 p. ;
_c21 cm.
500 _aIncluye datos biografícos del autor.
590 _aPerteneció a la biblioteca personal de Chiqui Vicioso/Fidelio Despradel
504 _aBibliografía p: 163-165
710 1 _aUniversidad Central Dominicana de Estudios Profesionales
_974418
999 _c45879
_d45879